K miestu a úlohám vedeckotechnickej integrácie v procese socialistickej ekonomickej integrácie

Saved in:
Bibliographic Details
Main Author: Straková, Ľudmila
Corporate Author: Vysoká škola ekonomická v Bratislave. Národohospodárska fakulta
Other Authors: Košnár, Jozef
Format: Book
Language:Slovak
Published: Bratislava 1985
Tags: Add Tag
No Tags, Be the first to tag this record!

MARC

LEADER 00000nam a2200000 4500
001 c036096
005 20230116104740.1
041 0 |a slo 
044 |a SK 
245 1 0 |a K miestu a úlohám vedeckotechnickej integrácie v procese socialistickej ekonomickej integrácie  |c Ľudmila Straková ; Ved. práce Jozef Košnár 
264 1 |a Bratislava  |c 1985 
300 |a 190 s. 
100 1 |a Straková, Ľudmila 
700 1 |a Košnár, Jozef 
710 2 |a Vysoká škola ekonomická v Bratislave. Národohospodárska fakulta